[Event "HZ Chess Tournament 2024"]
[Site "Vlissingen, Netherlands"]
[Date "2024.08.10"]
[Round "9.30"]
[White "Hng, Mei-Xian Eunice"]
[Black "Van Doren, Bas"]
[Result "0-1"]
[WhiteElo "2019"]
[BlackElo "2129"]
[PlyCount "148"]

1. e4 c5 2. d4 cxd4 3. c3 Nf6 4. e5 Nd5 5. Qxd4 e6 6. Bd3 Nc6 7. Qe4 f5 8. exf6
Nxf6 9. Qh4 d5 10. Ne2 Bd6 11. Bg6+ Ke7 12. Bc2 Bd7 13. O-O Rc8 14. Nd2 Ne5 15.
Ng3 Ng6 16. Bxg6 hxg6 17. Qg5 Kf7 18. Nf3 Qc7 19. Re1 Ne4 20. Qg4 e5 21. Ng5+
Nxg5 22. Qxg5 Be6 23. Qe3 Rh4 24. Qf3+ Kg8 25. Bg5 Ra4 26. Qd3 Qf7 27. Be3 b6
28. b3 Rh4 29. Bg5 Rg4 30. Qd2 e4 31. h3 Rxg5 32. Qxg5 Bf4 33. Qh4 Bd2 34. Red1
g5 35. Qh5 Qxh5 36. Nxh5 Bxc3 37. Rac1 Rc5 38. Ng3 Bb2 39. Rxc5 bxc5 40. Nxe4
dxe4 41. Rd6 Kf7 42. Ra6 Kf6 43. Rxa7 Bd4 44. Rb7 Bd5 45. Rb8 Ke6 46. Rb6+ Kd7
47. Rb8 Kc7 48. Rf8 Bf6 49. Re8 Bc6 50. Rf8 Kd6 51. Rb8 Kd5 52. Rb6 Be8 53. Rb8
Bf7 54. Rb7 Be6 55. Rb6 Bf5 56. Rb5 Bc3 57. Rb8 Bf6 58. Rb5 Bd7 59. Rb8 Kd4 60.
Rb7 Bc8 61. Rc7 Ba6 62. Rd7+ Kc3 63. Rd5 Bd4 64. Rd8 Bd3 65. Rb8 Kb2 66. a4 Bc3
67. Rc8 Bb4 68. Rg8 Kxb3 69. Rxg7 c4 70. a5 Bxa5 71. Rxg5 Bb4 72. Rg7 c3 73.
Ra7 c2 74. Rc7 Bc4 0-1

[Event "HZ Chess Tournament 2024"]
[Site "Vlissingen, Netherlands"]
[Date "2024.08.10"]
[Round "9.31"]
[White "Stillger, Bernhard"]
[Black "Tibke, Jonas"]
[Result "1/2-1/2"]
[WhiteElo "2263"]
[BlackElo "2019"]
[PlyCount "64"]

1. Nf3 Nf6 2. c4 c5 3. b3 g6 4. Bb2 d6 5. g3 Bg7 6. Bg2 Nc6 7. O-O O-O 8. d4
cxd4 9. Nxd4 Nxd4 10. Qxd4 Nh5 11. Qd2 Bxb2 12. Qxb2 Rb8 13. Nc3 Nf6 14. Rfd1
Qa5 15. Nd5 Nxd5 16. Rxd5 Qc7 17. Qd2 Be6 18. Rd4 Kg7 19. Rh4 h5 20. Bd5 Bxd5
21. cxd5 f6 22. Rc1 Qd7 23. Rhc4 Rfc8 24. Qe3 Rxc4 25. Rxc4 b6 26. Kg2 Rb7 27.
Qc3 b5 28. Rc8 Qf5 29. Qc6 Qe4+ 30. Kg1 h4 31. gxh4 Qxe2 32. Qxb7 Qd1+ 1/2-1/2

[Event "HZ Chess Tournament 2024"]
[Site "Vlissingen, Netherlands"]
[Date "2024.08.10"]
[Round "9.32"]
[White "Van Baar, Esper"]
[Black "Verweij, David"]
[Result "1-0"]
[WhiteElo "2248"]
[BlackElo "2001"]
[PlyCount "99"]

1. e4 d6 2. d4 Nf6 3. Nc3 g6 4. Nf3 Bg7 5. Be2 Nbd7 6. e5 dxe5 7. dxe5 Ng4 8.
e6 Nde5 9. Qxd8+ Kxd8 10. Nxe5 Nxe5 11. exf7 Nxf7 12. Bf4 Nd6 13. O-O-O Rf8 14.
Bg3 a5 15. Bf3 a4 16. a3 Ra5 17. Rhe1 b6 18. Nd5 Rf7 19. Bh4 Bh6+ 20. Kb1 g5
21. Bg3 Bb7 22. c4 Rc5 23. Bh5 Bxd5 24. Rxd5 Rf5 25. Rxf5 Rxf5 26. Bd1 Rc5 27.
Bxa4 Rxc4 28. Bc2 Bg7 29. Bxh7 Rc5 30. Bd3 Rd5 31. Kc2 Bxb2 32. Bxd6 Rxd6 33.
Kxb2 Rxd3 34. Re5 Rd2+ 35. Kc3 Rxf2 36. Rxg5 Kd7 37. h4 Ke6 38. h5 Rf1 39. g4
Rh1 40. Kc4 Rc1+ 41. Kb5 Kf7 42. h6 Rh1 43. Rg7+ Kf8 44. g5 c5 45. Kxb6 c4 46.
Rg6 c3 47. Rc6 Rh3 48. a4 Rd3 49. Rc8+ Kf7 50. h7 1-0

[Event "HZ Chess Tournament 2024"]
[Site "Vlissingen, Netherlands"]
[Date "2024.08.10"]
[Round "9.33"]
[White "Vantorre, Nils"]
[Black "Kelder, Sjoerd"]
[Result "1-0"]
[WhiteElo "2153"]
[BlackElo "1995"]
[PlyCount "55"]

1. e4 e5 2. Nf3 Nf6 3. Nxe5 d6 4. Nf3 Nxe4 5. c4 d5 6. Nc3 Bc5 7. d4 Bb4 8. Qb3
Qe7 9. Be3 O-O 10. cxd5 c6 11. Bc4 b5 12. Be2 cxd5 13. O-O Bxc3 14. bxc3 a6 15.
Qxd5 Nxc3 16. Qxa8 Bb7 17. Qa7 Nxe2+ 18. Kh1 Nc6 19. Qc5 Qf6 20. Qb6 Ba8 21. d5
Rb8 22. Qxa6 Nb4 23. Qxf6 gxf6 24. d6 Nc3 25. Bd2 Nbxa2 26. Rfe1 Bxf3 27. gxf3
Rd8 28. Bh6 1-0

[Event "HZ Chess Tournament 2024"]
[Site "Vlissingen, Netherlands"]
[Date "2024.08.10"]
[Round "9.34"]
[White "Kools, Thomas"]
[Black "Kalle, Erwin"]
[Result "1/2-1/2"]
[WhiteElo "2116"]
[BlackElo "1998"]
[PlyCount "72"]

1. e4 c5 2. Nc3 d6 3. g3 Nc6 4. Bg2 g6 5. d3 Bg7 6. f4 e6 7. Nf3 Nge7 8. h4 Nd4
9. h5 Nxf3+ 10. Qxf3 h6 11. Bd2 Rb8 12. O-O-O b5 13. hxg6 fxg6 14. g4 b4 15.
Ne2 Bb7 16. Kb1 Qd7 17. Rdf1 Kd8 18. Bh3 Kc7 19. Qe3 Rbf8 20. d4 Nc6 21. dxc5
dxc5 22. e5 g5 23. Rd1 Qe7 24. Bg2 Rf7 25. c3 Kb8 26. cxb4 cxb4 27. fxg5 hxg5
28. Rxh8+ Bxh8 29. Nd4 Nxd4 30. Bxb7 Qxb7 31. Qxd4 Rd7 32. Qc4 Bxe5 33. Rf1 Bg7
34. Bxg5 Qg2 35. Qb5+ Ka8 36. Bc1 Qe4+ 1/2-1/2

[Event "HZ Chess Tournament 2024"]
[Site "Vlissingen, Netherlands"]
[Date "2024.08.10"]
[Round "9.35"]
[White "Saeid, Kiarasch"]
[Black "Grooten, Tommy"]
[Result "0-1"]
[WhiteElo "1982"]
[BlackElo "2146"]
[PlyCount "64"]

1. d4 f5 2. Bg5 Nf6 3. Bxf6 exf6 4. c4 Bb4+ 5. Nc3 Bxc3+ 6. bxc3 c5 7. e3 O-O
8. Nf3 Nc6 9. Be2 Qe7 10. O-O Re8 11. Bd3 d6 12. Qc2 g6 13. Rfe1 Kg7 14. Re2
Bd7 15. Rae1 b6 16. h3 Rac8 17. g3 Na5 18. d5 Qf7 19. Kg2 b5 20. cxb5 c4 21. e4
cxd3 22. Qxd3 fxe4 23. Rxe4 Rxe4 24. Qxe4 Bxb5 25. Qb4 Rc5 26. a4 Bc4 27. Qb8
Bxd5 28. Qxd6 Bxf3+ 29. Kxf3 Qb7+ 30. Kg4 h5+ 31. Kh4 g5+ 32. Kxh5 Qf3+ 0-1

[Event "HZ Chess Tournament 2024"]
[Site "Vlissingen, Netherlands"]
[Date "2024.08.10"]
[Round "9.36"]
[White "Den Heijer, Rolinde"]
[Black "Krause, Thomas"]
[Result "1/2-1/2"]
[WhiteElo "1981"]
[BlackElo "2144"]
[PlyCount "73"]

1. e4 c5 2. Nf3 Nc6 3. d4 cxd4 4. Nxd4 g6 5. c4 Nf6 6. Nc3 Nxd4 7. Qxd4 d6 8.
Be3 Bg7 9. Be2 O-O 10. Qd2 Qa5 11. f3 Be6 12. Rc1 Rfc8 13. b3 a6 14. Na4 Qxd2+
15. Kxd2 Nd7 16. g4 Rcb8 17. Nb6 Nxb6 18. Bxb6 Rc8 19. f4 Bd7 20. Rc2 Bc6 21.
Ke3 f5 22. gxf5 gxf5 23. Bf3 Bxe4 24. Bxe4 fxe4 25. Rg1 Kf7 26. Rcg2 Bf6 27.
Kxe4 Rc6 28. Bd4 b5 29. Bxf6 Kxf6 30. Rg7 bxc4 31. Rxh7 cxb3 32. axb3 Rb8 33.
Rh6+ Kf7 34. Rh7+ Kf6 35. Rh6+ Kf7 36. Rh7+ Kf6 37. Rh6+ 1/2-1/2

[Event "HZ Chess Tournament 2024"]
[Site "Vlissingen, Netherlands"]
[Date "2024.08.10"]
[Round "9.37"]
[White "Dhooge, Servaas"]
[Black "Timmermans, Ivo"]
[Result "1/2-1/2"]
[WhiteElo "1994"]
[BlackElo "2143"]
[PlyCount "68"]

1. e4 e5 2. Nf3 Nc6 3. d4 exd4 4. Nxd4 Bb4+ 5. Nc3 Qe7 6. Be2 Qxe4 7. Ndb5
Bxc3+ 8. bxc3 Kd8 9. O-O a6 10. Bf3 Qg6 11. Nd4 Nxd4 12. cxd4 h5 13. Re1 Nf6
14. Rb1 Rb8 15. Ba3 d6 16. c4 Bg4 17. c5 Nd5 18. cxd6 c6 19. Qb3 Bxf3 20. Qxf3
Kd7 21. Qe2 b5 22. Bc5 Rhe8 23. Qd2 Rxe1+ 24. Rxe1 Re8 25. Rxe8 Kxe8 26. h4 Qe4
27. g3 Nf6 28. Qa5 Ng4 29. d5 Qb1+ 30. Kg2 Qe4+ 31. Kg1 Qxd5 32. Qc7 Qd1+ 33.
Kg2 Qd5+ 34. Kg1 Qd1+ 1/2-1/2

[Event "HZ Chess Tournament 2024"]
[Site "Vlissingen, Netherlands"]
[Date "2024.08.10"]
[Round "9.38"]
[White "Kaufmann, Thomas"]
[Black "Manshanden, Nick"]
[Result "0-1"]
[WhiteElo "1968"]
[BlackElo "2114"]
[PlyCount "98"]

1. Nf3 Nf6 2. c4 g6 3. b4 Bg7 4. Bb2 O-O 5. g3 d6 6. Bg2 Nbd7 7. O-O a5 8. a3
e5 9. d3 Nh5 10. e4 Qe8 11. d4 exd4 12. Bxd4 axb4 13. e5 Nxe5 14. Nxe5 Bxe5 15.
Re1 Qd8 16. a4 Bxd4 17. Qxd4 Qf6 18. Qxf6 Nxf6 19. Nd2 Re8 20. Reb1 c5 21. Nf1
Bd7 22. Rd1 Rxa4 23. Rxa4 Bxa4 24. Rxd6 Ne4 25. Bxe4 Rxe4 26. Ne3 Bc6 27. Rd3
Re8 28. Kf1 Ra8 29. Ke1 Ra1+ 30. Kd2 Ra2+ 31. Ke1 Kf8 32. h4 Ke7 33. Ng4 Ra3
34. Kd2 Rxd3+ 35. Kxd3 Ke6 36. Ne3 f5 37. f4 Kd6 38. Nf1 Be4+ 39. Kd2 Kc6 40.
Ne3 b5 41. Kc1 h5 42. Kb2 Bd3 43. cxb5+ Kxb5 44. Nd5 c4 45. Ne7 c3+ 46. Kb3 Be2
47. Kc2 Kc4 48. Nxg6 b3+ 49. Kc1 b2+ 0-1

[Event "HZ Chess Tournament 2024"]
[Site "Vlissingen, Netherlands"]
[Date "2024.08.10"]
[Round "9.39"]
[White "Karacsonyi, Bank"]
[Black "Lacrosse, Marc"]
[Result "1/2-1/2"]
[WhiteElo "1913"]
[BlackElo "2112"]
[PlyCount "87"]

1. e4 e5 2. Nf3 Nc6 3. Bb5 a6 4. Ba4 Nf6 5. Nc3 b5 6. Bb3 Bc5 7. a3 d6 8. h3
Rb8 9. d3 h6 10. O-O O-O 11. Nd5 Be6 12. Ba2 Bxd5 13. exd5 Ne7 14. b4 Bb6 15.
c4 Nf5 16. Bb2 Re8 17. Re1 Qd7 18. c5 dxc5 19. Nxe5 Qd6 20. bxc5 Bxc5 21. d4
Bb6 22. Rc1 Ne7 23. Qf3 Rbd8 24. Nxf7 Kxf7 25. Re6 Nexd5 26. Rxd6 Rxd6 27. Kh2
Kg8 28. Bb1 Rde6 29. Qf5 Kh8 30. Bd3 c6 31. Rg1 Bc7+ 32. g3 Bd6 33. Rc1 a5 34.
Kg2 Bb8 35. Bc3 Nxc3 36. Rxc3 Ba7 37. Rxc6 Rxc6 38. Bxb5 Rcc8 39. Bxe8 Rxe8 40.
Qxa5 Bxd4 41. Qd2 Bc5 42. Qa5 Bd4 43. Qd2 Bc5 44. Qa5 1/2-1/2

[Event "HZ Chess Tournament 2024"]
[Site "Vlissingen, Netherlands"]
[Date "2024.08.10"]
[Round "9.41"]
[White "Kamphuis, Jasper"]
[Black "Oostvogels, Niek"]
[Result "1-0"]
[WhiteElo "2059"]
[BlackElo "1960"]
[PlyCount "89"]

1. e4 d5 2. exd5 Nf6 3. d4 Bg4 4. f3 Bf5 5. g4 Bg6 6. c4 c6 7. Nc3 cxd5 8. h4
h6 9. h5 Bh7 10. Bf4 e6 11. c5 a6 12. Qb3 Nc6 13. O-O-O Qc8 14. Bh3 Nxd4 15.
Rxd4 Bxc5 16. Nge2 O-O 17. Rd2 Rd8 18. Nd4 b5 19. Kd1 Bxd4 20. Rxd4 Qc5 21. Ne2
Rac8 22. Ke1 Qe7 23. Qe3 Rc2 24. g5 Nxh5 25. Bf5 Bxf5 26. Rxh5 Bg6 27. Rh2 hxg5
28. Bxg5 f6 29. Bh4 Qd6 30. Rg2 Kf7 31. Rdg4 Rg8 32. Rxg6 Qb4+ 33. Kd1 Qxb2 34.
Bxf6 Qb1+ 35. Nc1 Rxg2 36. Rxg2 Kxf6 37. Qg5+ Kf7 38. Rc2 Qb4 39. Rc7+ Ke8 40.
Qg6+ Kd8 41. Qf7 Qd4+ 42. Kc2 Qa4+ 43. Kb1 Qb4+ 44. Nb3 Qe1+ 45. Rc1 1-0

[Event "HZ Chess Tournament 2024"]
[Site "Vlissingen, Netherlands"]
[Date "2024.08.10"]
[Round "9.42"]
[White "Verhoeven, Robin"]
[Black "Merz, Leander"]
[Result "1-0"]
[WhiteElo "2059"]
[BlackElo "1950"]
[PlyCount "41"]

1. e4 c6 2. d4 d5 3. e5 c5 4. dxc5 e6 5. a3 Nc6 6. Nf3 Bxc5 7. b4 Bb6 8. Bd3
Nge7 9. O-O O-O 10. b5 Na5 11. Bxh7+ Kxh7 12. Ng5+ Kg6 13. Qg4 f5 14. Qg3 Qe8
15. h4 Rg8 16. Nd2 Kh6 17. Ndf3 g6 18. Nf7+ Kh7 19. Qg5 Qf8 20. Qf6 g5 21.
N3xg5+ 1-0

[Event "HZ Chess Tournament 2024"]
[Site "Vlissingen, Netherlands"]
[Date "2024.08.10"]
[Round "9.43"]
[White "Brouwer, Mason"]
[Black "Verbeeren, Peter"]
[Result "1-0"]
[WhiteElo "2053"]
[BlackElo "1936"]
[PlyCount "93"]

1. Nf3 Nf6 2. c4 d6 3. g3 e5 4. Bg2 c6 5. Nc3 Nbd7 6. O-O Be7 7. Nh4 Nf8 8. d4
Ng6 9. Nxg6 hxg6 10. dxe5 dxe5 11. Qxd8+ Kxd8 12. Na4 Bg4 13. Bf3 e4 14. Bxg4
Nxg4 15. f3 exf3 16. exf3 Ne5 17. b3 Kc7 18. Bf4 Bf6 19. Rae1 Rhe8 20. h4 b5
21. cxb5 cxb5 22. Nc5 Kc6 23. Rc1 Rac8 24. Kg2 Nd7 25. Ne4+ Kb6 26. Be3+ Ka6
27. Rfd1 Rxc1 28. Rd6+ Rc6 29. Rxc6+ Kb7 30. Rc2 Re6 31. Bxa7 Be5 32. Bf2 f5
33. Nc5+ Nxc5 34. Rxc5 Ka6 35. b4 Bb8 36. Rc8 Kb7 37. Rg8 Re7 38. Bd4 Re2+ 39.
Kh3 Rxa2 40. Rxg7+ Kc6 41. Rxg6+ Kd5 42. Be3 Bd6 43. Rf6 Ra4 44. Rxf5+ Kc6 45.
h5 Rxb4 46. h6 Rb1 47. Kg2 1-0

[Event "HZ Chess Tournament 2024"]
[Site "Vlissingen, Netherlands"]
[Date "2024.08.10"]
[Round "9.45"]
[White "Kumar, Prayan Sai"]
[Black "Van den Berg, Jeroen"]
[Result "0-1"]
[WhiteElo "1860"]
[BlackElo "2028"]
[PlyCount "36"]

1. e4 c5 2. Nf3 e6 3. d4 cxd4 4. Nxd4 a6 5. c4 Nf6 6. Nc3 Bb4 7. Bd3 Nc6 8. Be3
Qc7 9. Qe2 Ne5 10. h3 b5 11. O-O Nxd3 12. Qxd3 bxc4 13. Qe2 Bxc3 14. bxc3 Nxe4
15. Qg4 Bb7 16. Qxg7 O-O-O 17. Qxf7 Rhg8 18. f3 Qg3 0-1